Countries that Enforce Net Neutrality - Statistics

General Stats
  • This quiz has been taken 21 times
  • The average score is 5 of 12
Answer Stats
Countries % Correct
Japan
78%
South Korea
78%
Canada
67%
Netherlands
56%
Belgium
44%
India
39%
Russia
39%
Mexico
28%
Brazil
22%
Chile
22%
Israel
22%
Slovenia
17%
No matching quizzes found
Score Distribution
Percent of People with Each Score
Percentile by Number Answered
Your Score History
You have not taken this quiz